00922nam a2200229 a 4500001001000000003000500010005001700015008004100032010001100073011001100084040000900095100003700104245019300141260004100334500006000375502007500435650001400510650002700524650003700551700003500588856006900623000114591CHAP20220329144448.0180307s2017 mx a fsm |||||||spa d a111052 a112024 cCHAP1 aMoreno Rodríguez, Juan Emanuel10aEvaluación de un dilutor elaborado con base en miel de maguey para conservación de semen de ovino /h[En línea]cpor Juan Emmanuel Moreno Rodríguez y Julio César Penagos López. aChapingo, Méx. :bEl autor,c2017. aPara ver el contenido del material haga clic en la liga aTesis (Ing. Agr. Esp. en Zootecnia) -- UACH. Departamento de Zootecnia14aAguamiel.14aSemenxConservación.14aSemenxEfecto de la temperatura.1 aPenagos López, Julio César aFinding aiduhttp://10.13.5.2/tesis/sist11491.pdfzTeclea aquí